Plane and geodetic surveying for engineers ... Volume one: plane surveying (Record no. 90661)

MARC details
000 -LEADER
fixed length control field 00670cam a2200253 4500
001 - CONTROL NUMBER
control field B891
008 - FIXED-LENGTH DATA ELEMENTS--GENERAL INFORMATION
fixed length control field 090401t1946 xxu||||| |||| 00| 0 eng d
035 ## - SYSTEM CONTROL NUMBER
System control number (Sirsi) u38563
041 ## - LANGUAGE CODE
Language code of text/sound track or separate title eng
050 ## - LIBRARY OF CONGRESS CALL NUMBER
Classification number 526.902462
100 ## - MAIN ENTRY--PERSONAL NAME
Personal name Clark, David
245 ## - TITLE STATEMENT
Title Plane and geodetic surveying for engineers ... Volume one: plane surveying
250 ## - EDITION STATEMENT
Edition statement 4th ed.
260 ## - PUBLICATION, DISTRIBUTION, ETC.
Place of publication, distribution, etc. London
Name of publisher, distributor, etc. Constable
Date of publication, distribution, etc. 1946
300 ## - PHYSICAL DESCRIPTION
Extent xviii,636p. : ill. ; 22cm.
350 ## - PRICE (NR) (BK AM CF MU VM SE) [OBSOLETE]
Price 0
520 ## - SUMMARY, ETC.
Summary, etc. shelf 114
650 ## - SUBJECT ADDED ENTRY--TOPICAL TERM
Topical term or geographic name entry element HYDROGRAPHIC SURVEYING
650 ## - SUBJECT ADDED ENTRY--TOPICAL TERM
Topical term or geographic name entry element LAND SURVEYING
650 ## - SUBJECT ADDED ENTRY--TOPICAL TERM
Topical term or geographic name entry element SURVEYING INSTRUMENTS
700 ## - ADDED ENTRY--PERSONAL NAME
Personal name Clendinning, James
International Standard Serial Number Editor
942 ## - ADDED ENTRY ELEMENTS (KOHA)
Suppress in OPAC 0
948 ## - LOCAL PROCESSING INFORMATION (OCLC); SERIES PART DESIGNATOR (RLIN)
c (OCLC) 04/03/1997
Holdings
Withdrawn status Lost status Source of classification or shelving scheme Damaged status Not for loan Home library Current library Shelving location Date acquired Total Checkouts Full call number Barcode Date last seen Copy number Price effective from Koha item type
    Dewey Decimal Classification     London London Basement 08/08/1991   SHELF 114 30014916 06/08/2019 1 06/08/2019 Reference material
    Dewey Decimal Classification     London London Books 04/07/2007   SHELF 114 30014281 06/08/2019 2 06/08/2019 Book